La muerte y otras sorpresas / (Registro nro. 301)
[ vista simple ]
| 000 -LEADER | |
|---|---|
| fixed length control field | 00982nam a22002297a 4500 |
| 003 - CONTROL NUMBER IDENTIFIER | |
| control field | AR-RoUNCS |
| 005 - DATE AND TIME OF LATEST TRANSACTION | |
| control field | 20260212115857.0 |
| 008 - FIXED-LENGTH DATA ELEMENTS--GENERAL INFORMATION | |
| fixed length control field | 240806s2004 ag ||||| |||| 00| 0 spa d |
| 020 ## - INTERNATIONAL STANDARD BOOK NUMBER | |
| International Standard Book Number | 950-07-1822-7 |
| 040 ## - CATALOGING SOURCE | |
| Transcribing agency | AR-RoUNCS |
| Original cataloging agency | AR-RoUNCS |
| 080 ## - UNIVERSAL DECIMAL CLASSIFICATION NUMBER | |
| Authority record control number or standard number | 82-34(899) B462 |
| 100 1# - MAIN ENTRY--PERSONAL NAME | |
| Personal name | Benedetti, Mario, |
| Dates associated with a name | 1920-2009 |
| Relator term | autor |
| 245 13 - TITLE STATEMENT | |
| Title | La muerte y otras sorpresas / |
| Statement of responsibility, etc. | Mario Benedetti. |
| 250 ## - EDITION STATEMENT | |
| Edition statement | 3a ed. |
| 260 ## - PUBLICATION, DISTRIBUTION, ETC. | |
| Place of publication, distribution, etc. | Buenos Aires : |
| Name of publisher, distributor, etc. | Sudamericana, |
| Date of publication, distribution, etc. | 2004. |
| 300 ## - PHYSICAL DESCRIPTION | |
| Extent | 144 p. ; |
| Dimensions | 18 cm. |
| 490 0# - SERIES STATEMENT | |
| Series statement | Biblioteca Mario Benedetti. |
| 505 00 - FORMATTED CONTENTS NOTE | |
| Title | La muerte -- El altillo -- Réquiem con tostadas -- Ganas de embromar -- Todos los días son domingo -- Los bomberos -- Muzak -- La expresión -- Datos para el viudo -- A imagen y semejanza -- El fin de la disnea -- La noche de los feos -- El Otro Yo -- El cambiazo -- Miss Amnesia -- Acaso irreparable -- Péndulo -- Cinco años de vida. |
| 650 #7 - SUBJECT ADDED ENTRY--TOPICAL TERM | |
| Source of heading or term | embne |
| Topical term or geographic name entry element | Literatura uruguaya |
| 655 #7 - INDEX TERM--GENRE/FORM | |
| Source of term | embne |
| Genre/form data or focus term | Cuentos |
| 942 ## - ADDED ENTRY ELEMENTS (KOHA) | |
| Source of classification or shelving scheme | Universal Decimal Classification |
| Koha item type | Obra General |
| Suppress in OPAC | No |
| Withdrawn status | Lost status | Source of classification or shelving scheme | Damaged status | Not for loan | Collection | Home library | Current library | Date acquired | Source of acquisition | Total checkouts | Full call number | Barcode | Date last seen | Price effective from | Koha item type |
|---|---|---|---|---|---|---|---|---|---|---|---|---|---|---|---|
| Universal Decimal Classification | Colección General | Biblioteca Escuela de Ciencias Sociales | Biblioteca Escuela de Ciencias Sociales | 06/08/2024 | Donación 2023 | 82-34(899) B462 | 000465 | 06/08/2024 | 06/08/2024 | Obra General |